000 00313nam a22001337a 4500
008 180919b xxu||||| |||| 00| 0 eng d
020 _a9780805827156
041 _aeng
080 _a321
100 _a22
101 _aPOL
245 _aCarer Counseling For African Americans
_cWalsh.W.B
942 _2udc
_cBK
999 _c47971
_d47971